000 01072nam a22003497a 4500
003 CHAP
005 20220817044057.0
008 060310d2005 it rn 00110 eng d
010 _a91663
011 _a92635
020 _a9251053529
035 _a103200
040 _cCHAP
082 0 4 _a639.21822
_bF37f v.29
110 0 0 _aFAO. General Fisheries Council for the Mediterranean
_939568
245 1 0 _aReport of the session (29o)
_c/ by FAO. General Fisheries Council For the Mediterranean
260 _aRome :
_bFAO,
_c2005.
300 _a50 p.
410 _aFAO
490 0 _aGFCM report
_v; 29
590 _aBATCH-UPD
_b10
_c20130110
_lUCH01
_h1011
590 _aBATCH-UPD
_b10
_c20130410
_lUCH01
_h0619
590 _aBATCH-UPD
_b10
_c20130914
_lUCH01
_h1346
590 _aCONVERSION
_b10
_c20130109
_lUCH01
_h1351
650 1 4 _aPesca
_xRegión Mediterránea.
_987410
810 0 _aFAO
830 0 0 _aGFCM report
_v; 29
_947819
901 _aBK
905 _aLilia
942 _cLIBRO
949 _a639.21822 F37 v.29
_bBC
_cFAO
_d33724000968285
_eFAO1
_h107698
_i103200
_sb
999 _c91663
_d91663